[Event "Open"]
[Site "Bled SLO"]
[Date "2001.03.29"]
[Round "6"]
[White "Dobrotka,M"]
[Black "Illijin,N"]
[Result "1-0"]
[WhiteElo "2183"]
[BlackElo "2272"]

1.Nf3 Nf6 2.c4 b6 3.d4 e6 4.a3 Bb7 5.Nc3 d5 6.cxd5 Nxd5 7.Qc2 Nd7 8.Nxd5 exd5
9.Bg5 Be7 10.Bxe7 Kxe7 11.e3 Rc8 12.Be2 c6 13.O-O Kf8 14.b4 h5 15.Rfc1 Qf6
16.Qa4 a6 17.Bxa6 Ra8 18.b5 Qd6 19.Qb3 Rxa6 20.bxa6 Bxa6 21.Ne5 Bc4 22.Nxc4 dxc4
23.Qxc4 Rh6 24.Qb4 c5 25.dxc5 bxc5 26.Qa5  1-0

[Event "TCh-CHN Men"]
[Site "Suzhou, Jiangsu CHN"]
[Date "2001.03.30"]
[Round "5"]
[White "Wang Yaoyao"]
[Black "Wang Jiaquan"]
[Result "1-0"]
[WhiteElo "2481"]
[BlackElo "2244"]

1.d4 Nf6 2.c4 e6 3.Nf3 b6 4.a3 Bb7 5.Nc3 d5 6.Qc2 Nbd7 7.cxd5 exd5 8.Bf4 a6
9.e3 Be7 10.Bd3 O-O 11.b4 Re8 12.O-O Nf8 13.Rfc1 Ng6 14.Be5 Bd6 15.Bxd6 Qxd6
16.b5 a5 17.Ne2 Re7 18.Ng3 Bc8 19.Bf5 Be6 20.h4 Ng4 21.Qd3 Bd7 22.Bxd7 Qxd7
23.h5 Nf8 24.Rc3 g6 25.Rac1 Rc8 26.a4 Qd6 27.Rc6 Qb4 28.Qd1 Rce8 29.Ne2 Ne6
30.Rb1 Qa3 31.Rb3 Qa2 32.Nd2 Ng5 33.Nc3 Nxf2 34.Kxf2 Ne4+ 35.Nxe4 dxe4 36.Rc2 Qxa4
37.Qb1 c5 38.Rc4  1-0

[Event "Wotulo Mem"]
[Site "Jakarta INA"]
[Date "2001.04.01"]
[Round "12"]
[White "Sharavdorj,D"]
[Black "Wahono,A"]
[Result "1-0"]
[WhiteElo "2441"]
[BlackElo "2401"]

1.d4 Nf6 2.c4 e6 3.Nf3 b6 4.a3 Bb7 5.Nc3 d5 6.cxd5 Nxd5 7.Qc2 Be7 8.e4 Nxc3
9.bxc3 O-O 10.Bd3 c5 11.O-O cxd4 12.cxd4 Qc8 13.Qa2 Ba6 14.Bxa6 Qxa6 15.d5 Qc8
16.Bf4 exd5 17.exd5 Na6 18.Rad1 Qf5 19.Bg3 Bf6 20.Nd4 Qd7 21.Nc6 Nc5 22.Qc4 Rfe8
23.f3 Re3 24.a4 h6 25.a5 Rae8 26.axb6 axb6 27.Qg4 Rc3 28.Qxd7 Nxd7 29.Rfe1 Rxe1+
30.Rxe1 Rd3 31.d6 h5 32.h4 Kh7 33.Re8 g5 34.hxg5 Bxg5 35.Nb8 h4 36.Bh2 Nxb8
37.Rxb8 Rd1+ 38.Kf2 Rd2+ 39.Ke1 Rxg2 40.Be5 f6 41.f4 fxe5 42.fxg5 h3 43.d7 h2
44.Rh8+ Kxh8 45.d8=Q+ Kg7 46.Qc7+  1-0

[Event "It"]
[Site "Oakham ENG"]
[Date "2001.04.03"]
[Round "6"]
[White "Pert,N"]
[Black "Bluvshtein,M"]
[Result "1-0"]
[WhiteElo "2455"]
[BlackElo "2287"]

1.d4 Nf6 2.Nf3 e6 3.c4 b6 4.a3 Ba6 5.Qc2 Bb7 6.Nc3 d5 7.cxd5 Nxd5 8.Bd2 Be7
9.e4 Nxc3 10.Bxc3 O-O 11.O-O-O Nd7 12.h4 h6 13.Rh3 Nf6 14.Bd3 c5 15.d5 exd5
16.exd5 Bd6 17.Ng5 Re8 18.Kb1 Bf4 19.Bf5 hxg5 20.hxg5 Bxg5 21.Rdh1 Be3  1-0

[Event "TCh-EST"]
[Site "Parnu/Tallinn EST"]
[Date "2001.04.06"]
[Round "?"]
[White "Rauk,T"]
[Black "Luik,H"]
[Result "0-1"]
[WhiteElo "2256"]
[BlackElo "2234"]

1.d4 Nf6 2.c4 e6 3.Nf3 b6 4.a3 Bb7 5.Nc3 Be7 6.Qc2 d5 7.cxd5 exd5 8.Bf4 O-O
9.e3 c5 10.Rd1 c4 11.Be2 a6 12.Ne5 b5 13.g4 Ne4 14.Kf1 f6 15.Nf3 Nxc3 16.Qxc3 a5
17.Nd2 Nd7 18.Bf3 Nb6 19.Kg2 Qd7 20.Qc2 b4 21.Ra1 b3 22.Qc1 g5 23.Bg3 f5
24.gxf5 Qxf5 25.h3 Qd3 26.Nb1 Na4 27.Bd1 Bc8 28.Re1 Qe4+ 29.Kh2 Bd6 30.Qd2 Qh4  0-1

[Event "TCh-EST"]
[Site "Parnu/Tallinn EST"]
[Date "2001.04.06"]
[Round "?"]
[White "Rauk,T"]
[Black "Krupenski,I"]
[Result "1/2-1/2"]
[WhiteElo "2256"]
[BlackElo "2204"]

1.d4 Nf6 2.c4 e6 3.Nf3 b6 4.a3 Bb7 5.Nc3 Be7 6.Qc2 d5 7.cxd5 exd5 8.Bf4 O-O
9.Nb5 Na6 10.Ne5 c5 11.e3 Ne4 12.Bd3 h6 13.Rd1 Nd6 14.Nxd6 Bxd6 15.O-O Nc7
16.Bh7+ Kh8 17.Bf5 Bc8 18.Nc6 Qf6 19.Bxc8 Raxc8 20.Ne5 Qe7 21.Qf5 Ne6 22.dxc5 Rxc5
23.Nxf7+ Rxf7 24.Bxd6 Rxf5 25.Bxe7 Rc2 26.g4 Rf7 27.Bd6 Ng5 28.Bg3 Nf3+ 29.Kg2 Nd2
30.Rfe1 Ne4 31.Rf1 Nd2 32.Rfe1  1/2-1/2

[Event "FSGM April"]
[Site "Budapest HUN"]
[Date "2001.04.07"]
[Round "1"]
[White "Narciso Dublan,M"]
[Black "Cao,S"]
[Result "1-0"]
[WhiteElo "2544"]
[BlackElo "2488"]

1.d4 Nf6 2.c4 e6 3.Nf3 b6 4.a3 Ba6 5.e3 Be7 6.Bd3 c5 7.d5 exd5 8.cxd5 Bxd3
9.Qxd3 d6 10.Nc3 Nbd7 11.h3 O-O 12.O-O Re8 13.e4 Bf8 14.Re1 h6 15.Bf4 a6
16.a4 Nh5 17.Bh2 Qf6 18.Re3 Nf4 19.Qf1 g5 20.Rae1 Bg7 21.Ne2 b5 22.axb5 axb5
23.Ng3 b4 24.Nf5 Bf8 25.h4 Ng6 26.hxg5 hxg5 27.Qb5 Red8 28.Nxd6 Bxd6 29.e5 Qf5
30.exd6 g4 31.Ne5 Ngxe5 32.Bxe5 Re8 33.Bg3 Rxe3 34.fxe3 Nf6 35.Bh4 Ne4 36.Qb7 Rf8
37.Rf1 Qh7 38.Qe7 Nxd6 39.Qg5+ Qg6 40.Qxg6+ fxg6 41.Be7 Rxf1+ 42.Kxf1 Nb7
43.e4 Kf7 44.Bg5 c4 45.e5 b3 46.e6+ Ke8 47.Ke2 Nc5 48.Bd2 Ne4 49.Bc1 Nc5
50.Bd2 Ne4 51.Bc1 Nc5 52.Ke3 Nd3 53.Bd2 Nxb2 54.d6 c3 55.d7+ Ke7 56.Bxc3 Nd1+
57.Kd2 b2 58.Bf6+ Kxe6 59.Bxb2 Kxd7 60.Kxd1 Ke6 61.Ke2 Kf5 62.Kf2  1-0

[Event "FSIMA April"]
[Site "Budapest HUN"]
[Date "2001.04.08"]
[Round "2"]
[White "Zimmerman,Y"]
[Black "Sendur,A"]
[Result "1-0"]
[WhiteElo "2362"]
[BlackElo "2303"]

1.d4 Nf6 2.c4 e6 3.Nf3 b6 4.a3 Ba6 5.Qb3 c5 6.d5 exd5 7.cxd5 d6 8.Nc3 Nbd7
9.e4 Bxf1 10.Kxf1 Be7 11.g3 O-O 12.Kg2 a6 13.a4 Ne8 14.Nd2 Rb8 15.Nc4 Qc7
16.Bf4 Bf6 17.Rhd1 Bd4 18.Ne2 Bf6 19.Nc3 Bd4 20.Ne2 Bf6 21.Ng1 b5 22.axb5 axb5
23.Na5 g5 24.Bd2 Ne5 25.Bc3 Rb6 26.Bxe5 Bxe5 27.Nf3 Bf6 28.Nc6 g4 29.Nh4 Ng7
30.Ra7 Rb7 31.Rda1 Re8 32.Qc2 c4 33.Rxb7 Qxb7 34.Ra7 Qb6 35.h3 gxh3+ 36.Kxh3 b4
37.Kg2 c3 38.b3 Qc5 39.Ra4 Bxh4 40.gxh4 f5 41.Rxb4 fxe4 42.Rc4 Qxd5 43.Qxc3 e3+
44.f3 e2 45.Rg4 e1=N+ 46.Kg3 Qf7 47.Kf2 h5 48.Rg1 Nxf3 49.Qxf3 Qe6 50.Nd4 Qe5
51.Nf5 Qb2+ 52.Kg3 Nxf5+ 53.Qxf5 Qe5+ 54.Kf3+ Kh8 55.Qxe5+ Rxe5 56.Rg5 Re1
57.b4 Rb1 58.Rxh5+ Kg7 59.Rb5 Kf6 60.h5 Rh1 61.Ke4 Ke6 62.Kd4 Rh3 63.Rg5 Rh4+
64.Kc3 Kd7 65.b5 Kc7 66.Kd3 Kd7 67.Ke3 Ke6 68.Kd3 Kd7 69.b6 Kc6 70.Rb5 Kxb5
71.b7 Rh3+ 72.Ke2 Rh2+ 73.Kf3 Rxh5 74.b8=Q+ Kc5 75.Qc7+ Kd5 76.Qa5+  1-0

[Event "Czech Extra League 2000-1"]
[Site "CZE"]
[Date "2001.04.08"]
[Round "11"]
[White "Jedlicka,A"]
[Black "Tichy,V"]
[Result "0-1"]
[WhiteElo "2288"]
[BlackElo "2317"]

1.d4 Nf6 2.c4 e6 3.Nf3 b6 4.a3 Bb7 5.Nc3 Be7 6.d5 exd5 7.cxd5 d6 8.g3 c5
9.dxc6 Nxc6 10.Bg2 Ne5 11.O-O Nxf3+ 12.Bxf3 Bxf3 13.exf3 O-O 14.Be3 Qd7 15.Qd3 Rfd8
16.Bd4 Rac8 17.Rfe1 Ne8 18.Nd5 Bf8 19.Re4 Qf5 20.Bc3 Nc7 21.Nf4 Ne6 22.Qd5 Qxd5
23.Nxd5 Rc5 24.Rd4 Rdc8 25.f4 Rc4 26.Rxc4 Rxc4 27.Ne3 Rc8 28.Kg2 f6 29.Bb4 Nc5
30.Nf5 g6 31.Nd4 f5 32.Nb5 a6 33.Nc3 a5 34.Bxc5 Rxc5 35.a4 Kf7 36.Rd1 h6
37.Nd5 Rc6 38.Rd3 Bg7 39.Rb3 Bd4 40.Kf3 Rc2 41.Ne3 Rxb2 42.Rxb2 Bxb2 43.Ke2 Bd4
44.Kd3 Bc5 45.Kc4 Ke6 46.h3 h5 47.Nd1 d5+ 48.Kb5 Kd6 49.f3 Bd4  0-1

[Event "FSIMB April"]
[Site "Budapest HUN"]
[Date "2001.04.10"]
[Round "4"]
[White "Galyas,M"]
[Black "Tian Tian"]
[Result "1/2-1/2"]
[WhiteElo "2371"]
[BlackElo "2302"]

1.d4 Nf6 2.Nf3 e6 3.c4 b6 4.a3 Ba6 5.Qc2 c5 6.d5 exd5 7.cxd5 g6 8.Nc3 Bg7
9.g3 O-O 10.Bg2 d6 11.O-O Re8 12.Re1 Nbd7 13.h3 b5 14.e4 Qc8 15.Bf1 Rb8 16.Bf4 Rb6
17.a4 bxa4 18.Nxa4 Rb4 19.Bxa6 Qxa6 20.Nd2 Nh5 21.Be3  1/2-1/2

[Event "Israel Open Ch"]
[Site "Tel Aviv ISR"]
[Date "2001.04.11"]
[Round "3"]
[White "Mikhalevski,A"]
[Black "Khenkin,I"]
[Result "1/2-1/2"]
[WhiteElo "2443"]
[BlackElo "2609"]

1.d4 Nf6 2.c4 e6 3.Nf3 b6 4.a3 Ba6 5.e3 c5 6.Bd3 d6 7.O-O g6 8.Nc3 Bg7 9.d5 exd5
10.cxd5 O-O 11.e4 Bxd3 12.Qxd3 Nbd7 13.Bg5 h6  1/2-1/2

[Event "32nd Open"]
[Site "Mar del Plata ARG"]
[Date "2001.04.14"]
[Round "8"]
[White "Hoffman,A"]
[Black "Rubinetti,J"]
[Result "1-0"]
[WhiteElo "2453"]
[BlackElo "2428"]

1.d4 Nf6 2.c4 e6 3.Nf3 b6 4.a3 Ne4 5.g3 Bb7 6.Bg2 Be7 7.O-O d5 8.Qa4+ c6
9.cxd5 exd5 10.Nbd2 O-O 11.Rd1 Nxd2 12.Bxd2 Nd7 13.Rac1 Re8 14.Bf4 Bf8 15.Re1 h6
16.h4 a5 17.Bh3 b5 18.Qc2 Nb6 19.h5 Nc4 20.Nh4 Bc8 21.Bg2 Be7 22.b3 Nxa3
23.Qxc6 Ra6 24.Qxd5 Bb4 25.Red1 Qf6 26.Be5 Qg5 27.Rc7 Be6 28.Qb7 Raa8 29.Bf4 Qf6
30.d5 Rad8 31.Rdc1 Bg4 32.e4 Bxh5 33.e5 Rxe5 34.Bxe5 Qxe5 35.Rc8 Rxc8 36.Qxc8+ Kh7
37.Qf5+ Qxf5 38.Nxf5 Bg6 39.Be4 Bxf5 40.Bxf5+ g6 41.Bd3 Kg7 42.Rc6 Kf8 43.Kg2 h5
44.Kf3 Ke7 45.Ra6 Kd7 46.Ra7+ Ke8 47.Ke4 Be1 48.d6 Bxf2 49.Rxa5 b4 50.Kd5 Bxg3
51.Ra8+ Kd7 52.Ra7+ Ke8 53.d7+ Ke7 54.Kc6 Bh4 55.Ra8 Ke6 56.Re8+  1-0

[Event "Open"]
[Site "Dubai UAE"]
[Date "2001.04.15"]
[Round "1"]
[White "Vladimirov,E"]
[Black "El Arousy,A"]
[Result "1-0"]
[WhiteElo "2612"]
[BlackElo "2370"]

1.d4 Nf6 2.c4 e6 3.Nf3 b6 4.a3 Bb7 5.Nc3 d5 6.Bg5 Nbd7 7.cxd5 exd5 8.e3 Be7
9.Bd3 O-O 10.Qc2 c5 11.O-O a6 12.Rfd1 Re8 13.Bf5 c4 14.Ne5 g6 15.Bh3 b5 16.f4 Nb6
17.Rf1 Nfd7 18.Bh6 Bf8 19.Bxf8 Rxf8 20.Qf2 Qe7 21.g4 f6 22.Nf3 Rae8 23.Rae1 g5
24.Bg2 h6 25.f5 Qd6 26.Nd2 Rf7 27.e4 Rfe7 28.Re2 dxe4 29.Ndxe4 Qc7 30.Rfe1 Kg7
31.Ng3 Rxe2 32.Rxe2 Rxe2 33.Qxe2 Kf8 34.Qe6 Bxg2 35.Kxg2 Qf4 36.Nce4 Qc7
37.Nd6 Qc6+ 38.Kh3 Qd5 39.Qe8+ Kg7 40.Nh5+  1-0

[Event "Open"]
[Site "Dubai UAE"]
[Date "2001.04.16"]
[Round "2"]
[White "Kuzmin,A"]
[Black "Shetty,R"]
[Result "1/2-1/2"]
[WhiteElo "2588"]
[BlackElo "2318"]

1.d4 Nf6 2.c4 e6 3.Nf3 b6 4.a3 d5 5.cxd5 exd5 6.Nc3 Be7 7.Qa4+ Bd7 8.Qc2 O-O
9.g3 c5 10.Bg2 Nc6 11.dxc5 bxc5 12.O-O Rc8 13.Rd1 Be6 14.Bg5 h6 15.Bxf6 Bxf6
16.Ne4 Na5 17.Nxf6+ Qxf6 18.Qc3 Qxc3 19.bxc3 Nc4 20.Ne1 Nb2 21.Rd2 Na4 22.Rc1 Rfd8
23.Nd3 g5 24.Nb2 Nxb2 25.Rxb2 Rb8 26.Rxb8 Rxb8 27.Rd1 Rb3 28.Bxd5 Bxd5 29.Rxd5 Rxc3
30.a4 Ra3 31.Rxc5 Rxa4 32.Kg2 Kg7 33.h3 Ra2 34.e3 a5 35.g4  1/2-1/2

[Event "ch-CUB"]
[Site "Las Tunas CUB"]
[Date "2001.04.16"]
[Round "14"]
[White "Almeida,O"]
[Black "Quesada,R"]
[Result "1/2-1/2"]
[WhiteElo "2426"]
[BlackElo "2244"]

1.d4 Nf6 2.c4 e6 3.Nf3 b6 4.a3 Ba6 5.Qc2 c5 6.d5 exd5 7.cxd5 g6 8.Nc3 Bg7
9.g3 d6 10.Bg2 O-O 11.O-O b5 12.Re1 Re8 13.e4 b4 14.axb4 cxb4 15.Na4 b3 16.Qb1 Nbd7
17.Bf4 Qc7 18.Rc1 Qb7 19.Nd2 Ng4 20.Bh3 Nde5 21.Rc3 Qb4 22.Bxg4 Nxg4 23.Rxb3 Qd4
24.Qe1 f5 25.h3 Nf6 26.Nc3 Bd3 27.Ra4 Qc5 28.Be3 Qc7 29.exf5 Bxf5 30.g4 Bc2
31.Rc4 Qf7 32.Rbb4 Bd3 33.Rd4 Ba6 34.Nc4 Bxc4 35.Rbxc4 Nd7 36.Rf4 Qe7 37.Rce4 Ne5
38.Bd4 Rab8 39.Qe2 Qb7 40.b4 Re7 41.Bxe5 Bxe5 42.Rf3 Rc8 43.Rd3 Rf7 44.Nd1 Rcf8
45.Kg2  1/2-1/2

[Event "ch-CUB"]
[Site "Las Tunas CUB"]
[Date "2001.04.17"]
[Round "16"]
[White "Almeida,O"]
[Black "Herrera,I"]
[Result "1-0"]
[WhiteElo "2426"]
[BlackElo "2432"]

1.d4 Nf6 2.c4 e6 3.Nf3 b6 4.a3 Ba6 5.Qc2 Bb7 6.Nc3 c5 7.e4 cxd4 8.Nxd4 Nc6
9.Nxc6 Bxc6 10.Be2 Qc7 11.Nd5 Qd8 12.Nc3 Qb8 13.f4 e5 14.Rf1 Bc5 15.fxe5 Qxe5
16.Bf4 Qe6 17.Nd5 Rc8 18.O-O-O O-O 19.Bf3 a5 20.Kb1 b5 21.e5 Ng4 22.Qe2 f5
23.cxb5 Ba8 24.h3 Nh6 25.Qd2 Nf7 26.Rfe1 a4 27.Rc1 Rfe8 28.h4 h6 29.b6 Bxb6
30.Nxb6 Qxb6 31.Rxc8 Rxc8 32.Bxa8 Rxa8 33.Qxd7 Rb8 34.Bc1 Qf2 35.Qd2 Qxh4
36.e6 Ng5 37.g3 Qxg3 38.e7 Re8 39.Qd7 Qb8 40.Bxg5 hxg5 41.Qe6+  1-0

[Event "Israel Open Ch"]
[Site "Tel Aviv ISR"]
[Date "2001.04.17"]
[Round "9"]
[White "Kleiner,B"]
[Black "Medvegy,N"]
[Result "1-0"]
[WhiteElo "2238"]
[BlackElo "2346"]

1.d4 Nf6 2.Nf3 e6 3.c4 b6 4.a3 Bb7 5.Nc3 d5 6.Bg5 Be7 7.e3 O-O 8.Rc1 Nbd7
9.Bd3 dxc4 10.Bxc4 c5 11.O-O cxd4 12.exd4 a6 13.a4 h6 14.Bh4 Ne4 15.Nxe4 Bxh4
16.Qe2 Be7 17.Ne5 Nf6 18.Nxf6+ Bxf6 19.Nxf7 Rxf7 20.Qxe6 Kh8 21.Qxf7 Rb8
22.Qg6 Bxd4 23.Bd3 Qg8 24.b3 Bc5 25.Bc4 Qf8 26.Rcd1 Re8 27.Qf7 Bc8 28.Rfe1 Qxf7
29.Bxf7 Rf8 30.Re8 Rxe8 31.Bxe8 Kh7 32.Bd7  1-0

[Event "GM"]
[Site "Hampstead ENG"]
[Date "2001.04.18"]
[Round "3"]
[White "Richardson,J"]
[Black "Koneru,H"]
[Result "1-0"]
[WhiteElo "2338"]
[BlackElo "2311"]

1.d4 Nf6 2.c4 e6 3.Nf3 b6 4.a3 Bb7 5.Nc3 d5 6.cxd5 exd5 7.Bf4 Be7 8.e3 O-O
9.Bd3 c5 10.Rc1 Na6 11.Ne5 Nc7 12.O-O Ne6 13.Bg3 g6 14.Bb5 Rc8 15.dxc5 bxc5
16.Qa4 a6 17.Bc6 Qb6 18.Bxb7 Qxb7 19.Nf3 Qxb2 20.Be5 Qb7 21.Rb1 Qa8 22.Rb6 d4
23.Rxa6 Qb7 24.Ra7 Qb2 25.Rxe7 Ng4 26.Nd1 Qb6 27.exd4 Ra8 28.Qc4 cxd4 29.Bxd4 Qd6
30.Qb4 Qc6 31.Ba1  1-0

[Event "4th Open"]
[Site "Tanta City EGY"]
[Date "2001.04.18"]
[Round "1"]
[White "Komarov,D"]
[Black "Sarwat,W"]
[Result "1-0"]
[WhiteElo "2539"]
[BlackElo "2356"]

1.d4 Nf6 2.c4 e6 3.Nf3 b6 4.a3 c5 5.d5 d6 6.Nc3 exd5 7.cxd5 Ba6 8.g3 Be7
9.Bg2 O-O 10.O-O b5 11.b4 Nbd7 12.bxc5 Nxc5 13.Nd4 Qd7 14.Nc6 Rfe8 15.Rb1 Bf8
16.Nxb5 Nce4 17.Qd3 Rac8 18.a4 Nc5 19.Qd1 Qg4 20.Bf4 Qxe2 21.Qxe2 Rxe2 22.Nxd6 Ra8
23.Nb5 Ra2 24.d6 Re8 25.Rfd1 Bxb5 26.axb5 h6 27.Be3 Nfd7 28.Bxc5 Nxc5 29.d7 Nxd7
30.Rxd7 Ree2 31.Rxa7 Rac2 32.Ra8 g6 33.Nd4  1-0

[Event "It"]
[Site "Podlehnik SLO"]
[Date "2001.04.25"]
[Round "2"]
[White "Mikhalchishin,A"]
[Black "Zheliandinov,V"]
[Result "1/2-1/2"]
[WhiteElo "2524"]
[BlackElo "2398"]

1.d4 Nf6 2.c4 e6 3.Nf3 b6 4.a3 Ba6 5.Qc2 Bb7 6.Nc3 c5 7.e4 cxd4 8.Nxd4 d6
9.Be2 Be7 10.O-O O-O 11.Rd1 Nbd7 12.f3 a6 13.a4 Rc8 14.a5 d5 15.exd5 exd5
16.axb6 Nxb6 17.cxd5 Nfxd5 18.Kh1 g6 19.Qb3 Nxc3 20.bxc3 Bd5 21.Qb1 Rxc3
22.Rxa6 Bc5 23.Bd2 Rc4 24.Nb3 Bd6 25.Be3 Rh4 26.f4  1/2-1/2

[Event "54th ch-RUS"]
[Site "Elista RUS"]
[Date "2001.05.01"]
[Round "2"]
[White "Rustemov,A"]
[Black "Chernyshov,K"]
[Result "0-1"]
[WhiteElo "2625"]
[BlackElo "2536"]

1.d4 e6 2.Nf3 Nf6 3.c4 b6 4.a3 Bb7 5.Nc3 Ne4 6.Nxe4 Bxe4 7.Nd2 Bg6 8.g3 Nc6
9.e3 a5 10.b3 e5 11.d5 Nb8 12.h4 h6 13.Bb2 Bd6 14.e4 O-O 15.g4 Na6 16.Qf3 Qe7
17.Be2 c6 18.Nf1 Bc5 19.Bd3 Bd4 20.Bxd4 exd4 21.Nd2 Nc5 22.Kf1 Rae8 23.Re1 f5
24.gxf5 Rxf5 25.Qg3 Re5 26.Rg1 Nxd3 27.Qxd3 Bxe4 28.Nxe4 Rxe4 29.Rxe4 Qxe4
30.Qxe4 Rxe4 31.dxc6 dxc6 32.Rg6 d3 33.Rd6 Rxh4 34.Ke1 Rh1+ 35.Kd2 Rb1 36.Rxd3 Rb2+
37.Ke3 Kf7 38.f4 Ke6 39.Ke4 Re2+ 40.Kf3 Re1 41.c5 bxc5 42.Rc3 Kd6 43.Rd3+ Kc7
44.Rc3 Kb6 45.f5 Rg1 46.Kf4 Rg5 47.Ke4 c4 48.bxc4 Kc5 49.Kf4 Kd4 50.Rc1 c5
51.a4 g6 52.fxg6 Rxg6 53.Kf5 Rg2 54.Ke6 h5 55.Rh1 Kxc4 56.Rxh5 Rd2 57.Rh8 Kb4
58.Rc8 c4 59.Ke5 c3 60.Ke4 Rd1 61.Ke3 Kb3 62.Rb8+ Kxa4 63.Rc8 Kb3 64.Rb8+ Ka3
65.Rc8 Kb2 66.Rb8+ Kc1 67.Ra8 c2 68.Rxa5 Kb2  0-1

[Event "54th ch-RUS"]
[Site "Elista RUS"]
[Date "2001.05.04"]
[Round "5"]
[White "Riazantsev,A"]
[Black "Aseev,K"]
[Result "0-1"]
[WhiteElo "2510"]
[BlackElo "2577"]

1.d4 Nf6 2.c4 e6 3.Nf3 b6 4.a3 c5 5.d5 Ba6 6.Qc2 exd5 7.cxd5 g6 8.Nc3 Bg7
9.g3 O-O 10.Bg2 d6 11.O-O b5 12.Re1 Nbd7 13.h3 Qb6 14.e4 Rfe8 15.Be3 Bb7
16.Nd2 a6 17.a4 b4 18.Nc4 Qc7 19.Nb1 Nb6 20.Nxb6 Qxb6 21.Nd2 Nd7 22.Nc4 Qc7
23.a5 Ne5 24.Nb6 Rab8 25.f4 b3 26.Qd2 Nd7 27.Nc4 Bc8 28.Rac1 Rb5 29.Bf2 Qb8
30.Re2 Rb4 31.Kh1 Rb5 32.e5 dxe5 33.fxe5 Nxe5 34.Rce1 Bd7 35.Na3 Qd6 36.Nxb5 Bxb5
37.Re3 Bh6 38.Qc3 Bxe3 39.Rxe3 c4 40.Bg1 f6 41.Re1 Kg7 42.Bd4 h5 43.Rf1 Nd7
44.Rf2 Re7 45.Rf1 Re2 46.Qf3 Rd2 47.Bc3 Rd3 48.Qe4 Rxg3 49.Re1 Ne5 50.Qf4 Rxg2
51.Kxg2 Qxd5+ 52.Kf1 Qh1+ 53.Ke2 Qg2+ 54.Ke3 Qxh3+ 55.Kd4 Nf3+ 56.Kc5 Qc8+
57.Kb6 Qd8+  0-1

[Event "Bank Pocztowy Open A"]
[Site "Bydgoszcz POL"]
[Date "2001.05.06"]
[Round "9"]
[White "Eingorn,V"]
[Black "Brodsky,M"]
[Result "1-0"]
[WhiteElo "2589"]
[BlackElo "2529"]

1.d4 Nf6 2.Nf3 e6 3.c4 b6 4.a3 Bb7 5.Nc3 d5 6.cxd5 Nxd5 7.e3 Nd7 8.Bd3 g6
9.e4 Nxc3 10.bxc3 Bg7 11.Bg5 Qc8 12.O-O O-O 13.Qd2 Ba6 14.Bxa6 Qxa6 15.Bh6 Nf6
16.Bxg7 Kxg7 17.Qf4 Qd3 18.Rfe1 Qxc3 19.Qe5 Rac8 20.h3 c5 21.Rac1 Qa5 22.Rc4 cxd4
23.Qxa5 bxa5 24.Rxd4 Rc5 25.Rb1 e5 26.Rdd1 h6 27.Rb7 a6 28.Ra7 Rb8 29.Ne1 Rc3
30.Nf3 Rc5 31.Ne1 Rc3 32.Nf3 Re8 33.Rb1 Nxe4 34.Re1 Nd6 35.Rxa6 Nc4 36.Rc6 Re6
37.Rc7 Rc2 38.Nd4 exd4 39.Rxe6 d3 40.Ree7 Kf6 41.Rxf7+ Ke5 42.Rfd7 Nxa3 43.Ra7 d2
44.Rxa5+ Ke6 45.Rad5 Nc4 46.h4 Rb2 47.Kh2 Rb1 48.Rd8 Rf1 49.Kg3 Rh1 50.Rd3 Ke7
51.R8d4 Kf6 52.Rf4+ Ke6 53.Rxc4 d1=Q 54.Rxd1 Rxd1 55.h5 gxh5 56.Rc6+ Kf5
57.Rxh6 Kg5 58.Re6 Rd4 59.Re5+ Kg6 60.f3 Ra4 61.Kh3 Ra1 62.Re6+ Kg5 63.g3 Kf5
64.Rh6 Kg5 65.Rb6 Kf5 66.f4 Ke4 67.Rb5 Kf3 68.Rb3+ Ke4 69.Kh4 Ra5 70.Rb8 Kf3
71.Rg8 Ra1 72.Kxh5 Rh1+ 73.Kg6 Kxg3 74.f5 Kf4 75.f6 Rg1+ 76.Kf7 Ra1 77.Rg2  1-0

[Event "XXXVI Capablanca Mem Premier I"]
[Site "Havana CUB"]
[Date "2001.05.06"]
[Round "2"]
[White "Pazos Gambarrotti,P"]
[Black "Leyva,R"]
[Result "1/2-1/2"]
[WhiteElo "2421"]
[BlackElo "2400"]

1.d4 Nf6 2.c4 e6 3.Nf3 b6 4.a3 Ba6 5.Qc2 Bb7 6.Nc3 c5 7.e4 cxd4 8.Nxd4 Nc6
9.Nxc6 Bxc6 10.Be2 Qc7 11.O-O Bd6 12.f4 e5 13.Nd5 Bxd5 14.exd5 exf4 15.Qf5 O-O
16.Bd3 Rae8 17.Bxf4 Bxf4 18.Qxf4 Qc5+ 19.Kh1 Qe3 20.Rad1 Qxf4 21.Rxf4 Re5
22.Kg1 Rfe8 23.Kf2 d6 24.h3 a5 25.Kf1 Nd7 26.b4 axb4 27.axb4 Ra8 28.Rf2 g6
29.Re2 Ra3 30.Rxe5 Nxe5 31.Be2 Rc3 32.Ra1 Nxc4 33.Ra8+ Kg7 34.Rd8 h5 35.Kf2 Rc2
36.Ke1 Ne3 37.g4 hxg4 38.hxg4 Rb2 39.b5 Nc2+ 40.Kd2 Na3+ 41.Ke3 Nxb5 42.Bxb5 Rxb5
43.Rxd6 Rb4 44.Kf3 b5 45.Rb6 Rb1 46.g5 Kf8 47.Rb7 b4 48.d6 Ke8 49.Re7+ Kd8
50.Kg2 Rd1 51.Rxf7  1/2-1/2

[Event "ch-NED semi-finals"]
[Site "Leeuwarden NED"]
[Date "2001.05.06"]
[Round "2.2"]
[White "Grooten,H"]
[Black "Janssen,R"]
[Result "0-1"]
[WhiteElo "2367"]
[BlackElo "2429"]

1.d4 Nf6 2.c4 e6 3.Nf3 b6 4.a3 Bb7 5.Nc3 g6 6.Qc2 Bg7 7.e4 O-O 8.Bd3 d6 9.O-O Nbd7
10.b4 c5 11.bxc5 dxc5 12.d5 exd5 13.exd5 b5 14.Rb1 bxc4 15.Bxg6 hxg6 16.Rxb7 Rb8
17.Rxa7 Qb6 18.Qa4 Qb3 19.Bd2 Nb6 20.Qc6 Rbc8 21.Qb7 Rb8 22.Qc6 Rbc8 23.Qb7 Rb8
24.Qc6 Rbc8 25.Qb5 Nbxd5 26.Rb1 Nxc3 27.Rxb3 Nxb5 28.Rxb5 Ne4 29.Be1 c3 30.Rb1 Bh6
31.Ra4 c2 32.Ra1 c4 33.Ne5 Rfd8 34.Ng4 Rd1 35.Nxh6+ Kg7  0-1

[Event "54th ch-RUS"]
[Site "Elista RUS"]
[Date "2001.05.07"]
[Round "7"]
[White "Najer,E"]
[Black "Epishin,V"]
[Result "1/2-1/2"]
[WhiteElo "2600"]
[BlackElo "2579"]

1.d4 Nf6 2.c4 e6 3.Nf3 b6 4.a3 Bb7 5.Nc3 d5 6.cxd5 Nxd5 7.e3 g6 8.Bb5+ c6
9.Ba4 Bg7 10.O-O O-O 11.e4 Nxc3 12.bxc3 c5 13.Bg5 Qd6 14.e5 Qc7 15.Qd2 Bxf3
16.gxf3 Nc6 17.Rad1 Ne7 18.Rfe1 Rac8 19.Bxe7 Qxe7 20.d5 exd5 21.Qxd5 c4 22.Qd6 Qg5+
23.Kf1 Rc5 24.Rd5 Qf5 25.Rxc5 bxc5 26.Kg2 Qg5+ 27.Kf1 Qf5 28.Kg2 Qg5+ 29.Kf1  1/2-1/2

[Event "XXXVI Capablanca Mem Premier II"]
[Site "Havana CUB"]
[Date "2001.05.07"]
[Round "3"]
[White "Almeida,O"]
[Black "Herrera,I"]
[Result "0-1"]
[WhiteElo "2426"]
[BlackElo "2432"]

1.d4 Nf6 2.c4 e6 3.Nf3 b6 4.a3 Ba6 5.Qc2 Bb7 6.Nc3 c5 7.e4 cxd4 8.Nxd4 Bc5
9.Nb3 Nc6 10.Nxc5 bxc5 11.Be3 Qe7 12.h3 O-O 13.O-O-O e5 14.Nd5 Nxd5 15.exd5 Nd4
16.Qc3 a5 17.f4 d6 18.Kb1 Rfb8 19.fxe5 dxe5 20.Bd3 Bc8 21.Bc2 Qb7 22.Rhe1 Bd7
23.Bc1 Qc7 24.g4 Ra6 25.Re3 f6 26.Rde1 Be8 27.Ka1 a4 28.g5 Rb3 29.Qd2 Rxe3
30.Rxe3 f5 31.Qf2 Bg6 32.Bd1 f4 33.Re1 Bd3 34.Qg2 f3 35.Qg3 Ne2 36.Qxf3 Nxc1
37.Qe3 Bxc4 38.Qxc1 Bxd5 39.Bf3 Bf7 40.Qe3 Rd6 41.Qxe5 Re6 42.Qc3 Rxe1+ 43.Qxe1 Qf4
44.Bg4 Qc4 45.Qb1 g6 46.Bd7 Kg7 47.Bc8 Qd5 48.h4 Qc4 49.Bd7 Qxh4 50.Qc1 Qd4
51.Bc6 Bb3 52.Bf3 Qe5 53.Qd2 Qd4 54.Qh2 Bf7 55.Qh6+ Kg8 56.Qh1 Qc4 57.Qb1 Qf4
58.Bc6 Bb3 59.Qg1 Qd4 60.Qxd4 cxd4 61.Kb1 Kf7 62.Kc1 Ke6 63.Kd2 Kf5 64.Kd3 Kxg5
65.Kxd4 Kf4 66.Be4 Kg5 67.Ke3 h5 68.Kf3 Kf6 69.Bd3 g5 70.Be2 Kf5 71.Bd3+ Ke5
72.Ke3 g4 73.Be2 Bd5 74.Bb5 h4 75.Kf2 g3+  0-1

[Event "Golden Cleopatra Open"]
[Site "Cairo EGY"]
[Date "2001.05.08"]
[Round "7"]
[White "El Arousy,A"]
[Black "Elgabry,M"]
[Result "1-0"]
[WhiteElo "2370"]
[BlackElo "2328"]

1.Nf3 Nf6 2.c4 e6 3.d4 b6 4.a3 Be7 5.Nc3 Bb7 6.e3 d5 7.cxd5 exd5 8.Bb5+ c6
9.Bd3 O-O 10.O-O c5 11.Ne5 Bd6 12.f4 c4 13.Bc2 a6 14.Qf3 Qc8 15.Bd2 b5 16.Be1 Nbd7
17.Bh4 Bc7 18.Bf5 Bxe5 19.fxe5 Ne4 20.Nxe4 dxe4 21.Qh3 Bc6 22.Bxh7+ Kxh7
23.Bf6+  1-0

[Event "TCh-RUS"]
[Site "Tomsk RUS"]
[Date "2001.05.14"]
[Round "2"]
[White "Makarov,M"]
[Black "Brodsky,M"]
[Result "1/2-1/2"]
[WhiteElo "2511"]
[BlackElo "2529"]

1.d4 Nf6 2.c4 e6 3.Nf3 b6 4.a3 Bb7 5.Nc3 d5 6.Bg5 Be7 7.Qa4+ Qd7 8.e3 Qxa4
9.Nxa4 Nbd7 10.Rc1 dxc4 11.Bxc4 Ne4 12.Bf4 Bd6  1/2-1/2

[Event "TCh-RUS"]
[Site "Tomsk RUS"]
[Date "2001.05.14"]
[Round "2"]
[White "Naer,E"]
[Black "Yemelin,V"]
[Result "1-0"]
[WhiteElo "2455"]
[BlackElo "2522"]

1.d4 Nf6 2.Nf3 e6 3.c4 b6 4.a3 Ba6 5.Qc2 c5 6.e4 cxd4 7.e5 Ng8 8.Nxd4 Qc7
9.Bf4 Bc5 10.Nf3 Bb7 11.Be2 Ne7 12.Nc3 a6 13.Rd1 Ng6 14.Bg3 O-O 15.Ne4 Nc6
16.b4 Be7 17.Nf6+ gxf6 18.exf6 e5 19.fxe7 Ncxe7 20.h4 h5 21.Qd2 Rad8 22.O-O f5
23.Nxe5 f4 24.Nxg6 Nxg6 25.Qd6 Qxd6 26.Rxd6 Ne5 27.Rxb6 Ba8 28.Bh2 f3 29.Bxe5 fxe2
30.Re1  1-0

[Event "ch-LTU"]
[Site "Kaunas LTU"]
[Date "2001.05.15"]
[Round "9"]
[White "Labuckas,A"]
[Black "Krivousas,T"]
[Result "1/2-1/2"]
[WhiteElo "2356"]
[BlackElo "2131"]

1.d4 Nf6 2.c4 e6 3.Nf3 b6 4.a3 Ba6 5.Qc2 Bb7 6.Nc3 c5 7.e4 cxd4 8.Nxd4 Bc5
9.Nb3 Nc6 10.Nxc5 bxc5 11.Be3 Nd4 12.Qd3 e5 13.Bxd4 cxd4 14.Nd5 Rc8 15.Be2 Ba6
16.Nxf6+ Qxf6 17.b3 O-O 18.O-O Qb6 19.Bg4 Rc7 20.Bd1 Qg6 21.Bc2 Rb8 22.Qd2 Bb7
23.f3 Rc6 24.Bd3 Ba6 25.Rfb1 Qe6 26.Rb2 Qd6 27.Qe2 Qc7 28.Qd2 Qd6  1/2-1/2